Which Terminal? Lisbon Humberto Delgado Airport - Statistics

General Stats
  • This quiz has been taken 10 times
  • The average score is 9 of 15
Answer Stats
Question Answer % Correct
TAAG Angola Airlines Terminal 1
80%
Volotea Terminal 2
80%
Vueling Terminal 2
80%
Iberia Terminal 1
60%
American Airlines Terminal 1
60%
Royal Air Maroc Terminal 1
60%
Air France Terminal 1
60%
Emirates Terminal 1
60%
Ryanair Terminal 2
60%
Wizz Air Terminal 2
60%
Transavia Terminal 2
60%
Pegasus Airlines Terminal 1
40%
Eurowings Terminal 2
40%
Norwegian Terminal 2
40%
Air Europa Terminal 1
20%
No matching quizzes found
Score Distribution
Percent of People with Each Score
Percentile by Number Answered
Your Score History
You have not taken this quiz